MDQL
is popping MORE tags! Check the
thread
!
Quizzes
Events
Quiz Creation
Community
Videos
Private Events
Remove Ads
Sign In
Join for FREE
Feedback
Dark Mode
Quiz Categories
Sports
Geography
Music
Movies
Television
Just For Fun
Miscellaneous
History
Literature
Language
Science
Gaming
Entertainment
Religion
Holiday
For Kids
Quiz Lab
Recent
Popular Today
Quiz Kudos Today
Editor Picks
Curator Picks
Quizzes by...
Day
Popularity
Type
Ratings
Length
Year
Community
Subscriptions
Recent Discussions
Orange Saloon
Badges
Playlists
Quests
Create
Leaderboards
Showdown
Live 5
Trivia Bingo
Activity
Puzzle Library
Sporcle Events
Private Events
Virtual Trivia
Globe League
Become a Host
Pub Owners
SporcleCon
Opinionation
Our Games
Videos
Blog
Mobile Apps
Partnerships
Remove Ads and Go Orange
Feedback
Sports
Athletes
MLB
NBA
NHL
NFL
Soccer
Sports Teams
WWE
NCAA
Football
Premier League
Basketball
Baseball
Hockey
Golf
Tennis
Cricket
Rugby
Auto Racing
Olympics
World Cup
Sports
Athletes
MLB
NBA
NHL
NFL
Soccer
Sports Teams
WWE
NCAA
Football
Premier League
Basketball
Baseball
Hockey
Golf
Tennis
Cricket
Rugby
Auto Racing
Olympics
World Cup
Random Quiz
Search Sporcle
×
Quiz Lab
Quiz Lab
Sports
Cars
Type in answers that appear in a list
Type in answers that appear in a list
Classic
Best Score? Go Orange.
NASCAR Most Popular Driver awards Stats
Can you name the NASCAR Most Popular Driver awards?
By
braleecald89
4m
55 Questions
937 Plays
937 Plays
937 Plays
Comments
Comments
Give Quiz Kudos
Give Quiz Kudos
-
- Ratings
hide this ad
Replay
Link that replays current quiz
Next Quiz
Link to next quiz in quiz playlist
You Got
0%
They Got
Avg Score
77%
Avg Friend Score
Upgrade to see
Score Distribution
Jump to the score distribution portion of the page
Score
0/55
Timer
04:00
0
Plays Today
Year
Driver
% Correct
2001
Dale Earnhardt
99.3%
2003*
Dale Earnhardt, Jr.
97.3%
2004*
Dale Earnhardt, Jr.
96.9%
2005*
Dale Earnhardt, Jr.
96.9%
2006*
Dale Earnhardt, Jr.
96.9%
2007*
Dale Earnhardt, Jr.
96.9%
2008*
Dale Earnhardt, Jr.
96.9%
2009*
Dale Earnhardt, Jr.
96.9%
1962
Richard Petty
95.9%
1968
Richard Petty
95.9%
1970
Richard Petty
95.9%
1974
Richard Petty
95.9%
1975
Richard Petty
95.9%
1976
Richard Petty
95.9%
1977
Richard Petty
95.9%
1978
Richard Petty
95.9%
1964
Richard Petty
95.8%
1984*
Bill Elliott
91.3%
1985*
Bill Elliott
91.3%
1986*
Bill Elliott
91.3%
1987*
Bill Elliott
91.3%
1988*
Bill Elliott
91.3%
1991*
Bill Elliott
91.3%
1992*
Bill Elliott
91.3%
1993*
Bill Elliott
91.3%
1994*
Bill Elliott
91.3%
1995*
Bill Elliott
91.3%
1996*
Bill Elliott
91.3%
Year
Driver
% Correct
1997*
Bill Elliott
91.3%
1998*
Bill Elliott
91.3%
1999*
Bill Elliott
91.3%
2000*
Bill Elliott
91.3%
2002*
Bill Elliott
91.3%
1989
Darrell Waltrip
83.9%
1990
Darrell Waltrip
83.9%
1971
Bobby Allison
77.9%
1972
Bobby Allison
77.9%
1973
Bobby Allison
77.9%
1980
Bobby Allison
77.9%
1981
Bobby Allison
77.9%
1982
Bobby Allison
77.9%
1983
Bobby Allison
77.9%
1979
David Pearson
73%
2010*
Dale Earnhardt, Jr.
72.6%
1967
Cale Yarborough
60.5%
1957
Fireball Roberts
46%
1959
Junior Johnson
42.9%
1969
Bobby Isaac
34.4%
1961
Joe Weatherly
31.6%
1963
Fred Lorenzen
24.5%
1965
Fred Lorenzen
24.5%
1960
Rex White
23.3%
1958
Glen Wood
18.7%
1956
Curtis Turner
17.5%
1966
Darel Dieringer
4.7%
Quiz Playlist
Details
Report
Send in Message
Add To Playlist
Classic:
Type in answers that appear in a list
Quiz Source
Last Updated: Feb 5, 2019
Quiz Scoreboard
CHALLENGE
Sign Up to Join the Scoreboard
Show All
Scores
Hide
Comments
May contain spoilers
Recently Published
Colored Red Africa Blitz
by spor1
Geography
30s
Find the 'City' Movie
by crazypaving
Movies
60s
5x2 Blitz: Bands
by SL_Kpop136
Music
30s
More to Explore
Quiz From the Vault
Featured Blog Post
14 Easter Pick-up Lines to Find Eggs With
hide this ad
You Might Also Like...
Tags
Auto Racing Quiz
Cars Quiz
Numbers Quiz
Popular Quiz
Award
car
Driver
NASCAR
Today's Top Quizzes in Sports
Browse Sports
hide this ad
Today's Top Quizzes in Cars
Browse Cars
Top Contributed Quizzes in Sports
1
Players with Multiple 50 Home Run Seasons
2
Les entraîneurs de l'OM et du PSG au 21e siècle
3
Criteria MLB: Left Handed Sluggers
4
2022 World Cup Stars
5
Les meilleurs buteurs des matchs entre le PSG et l’OM
6
Who Hit More Homers?
7
Les joueurs passés par le PSG et l'OM
8
NBA Logic Puzzle 2.0
9
Top 10 NHL Goal Scorers of All Time
10
MLB Players with Two .350 Batting Average Seasons
Explore More
Trending Topics
Anime
Crossword
Disney
Harry Potter
Kpop
Marvel
NBA
Soccer
The Office
Song
WWE
Puzzle
NFL
Country
Pokémon
hide this ad
More By:
braleecald89
Quiz
Plays
Rating
Category
Featured
Created
NASCAR Bristol Winners
1,567
4.00
Sports
Apr 12, 2010
NASCAR Most Popular Driver awards
937
3.75
Sports
Jan 18, 2010
NASCAR Southern 500 winners
617
5.00
Sports
Apr 16, 2010
1993 Daytona 500 Starting lineup
409
5.00
Sports
Apr 20, 2010
NASCAR Nationwide Series Daytona winners
374
3.33
Sports
May 3, 2010
Go to Creator's Profile
Score Distribution
Quiz Creator Spotlight
braleecald89
Follow
Send a Message
Quizzes Created
-
Created Quiz Play Count
-
More By This Creator
Popular Quizzes Today
1
Find the 'City' Movie
2
Colored Red Africa Blitz
3
Find the US States - No Outlines Minefield
4
5x2 Blitz: Bands
5
The Countries of the World
6
Find the US States
7
US States
8
9x9 Crossword: Cartoon Network
More Sports Quizzes
MLB first pitcher to reach 200 strikeouts , each season
Editor's Pick
Trending Quizzes
Colored Red Europe Blitz I
Colored Red Africa Blitz II
Colored Red Europe Blitz II
Colored Red Africa Blitz III
Colored Red Europe Blitz III
Recently Updated
2024 March Madness Bracket
pecheneg
Famous TV Couples
Peacemaker
Champions League XIs: Real Madrid
pecheneg
Largest US Cities 1790-2010
pecheneg
Rides in Walt Disney World
pecheneg
Most Oscar Losses (Acting)
pecheneg
Beyoncé Albums
pecheneg
Leaping Animals
pecheneg
Reality TV Shows (A-Z)
bhenderson79
Rickey Henderson's Hall of Fame Teammates
pecheneg
Trending Topics
NBA
Disney
Anime
Crossword
Marvel
Harry Potter
Kpop
Soccer
Song
Pokémon
NFL
Country
WWE
Puzzle
The Office
Your Account Isn't Verified!
In order to create a playlist on Sporcle, you need to verify the email address you used during registration. Go to your
Sporcle Settings
to finish the process.
Report this User
Report this user for behavior that violates our
Community Guidelines
.
Details:
Send Report
Go to the Sporcle.com Mobile Site →
Comments